Elements by Letter - R - Statistics

General Stats
  • This quiz has been taken 13 times
  • The average score is 3 of 8
Answer Stats
Picture Answer % Correct
Rutherfordium
83%
Radon
50%
Rubidium
50%
Radium
42%
Roentgenium
33%
Rhenium
25%
Ruthenium
17%
Rhodium
8%
No matching quizzes found
Score Distribution
Percent of People with Each Score
Percentile by Number Answered
Your Score History
You have not taken this quiz